top ten countries by military advancment - Statistics

General Stats
  • This quiz has been taken 94 times
  • The average score is 9 of 10
Answer Stats
Answer % Correct
1 united states
100%
2 russia
98%
7 germany
97%
3 china
95%
6 france
95%
5 united kingdom
95%
4 india
90%
10 japan
90%
9 south korea
79%
8 turkey
72%
No matching quizzes found
Score Distribution
Percent of People with Each Score
Percentile by Number Answered
Your Score History
You have not taken this quiz